| 000 | 00658nam a22002057a 4500 | ||
|---|---|---|---|
| 005 | 20251108165239.0 | ||
| 008 | 250721s2005 xx 000 0 ara d | ||
| 082 | 1 | 4 | _a218.5/سوي |
| 100 | 1 | _aالسويدان، طارق محمد | |
| 245 | 1 | 0 | _aصناعة النجاح رحلة نجاح القرن الحادي و العشرين / |
| 250 | _aط8 | ||
| 264 | 1 |
_aبيروت : _bدار ابن جزم، _c2005. |
|
| 300 | _a207ص. | ||
| 490 | 0 |
_aصناعة المجد _v1 |
|
| 650 | 1 | 7 | _aالوعظ و الارشاد |
| 650 | 1 | 7 | _aالثقافه الاسلاميه |
| 700 | 1 | _aباشراحيل، فيصل عمر | |
| 942 |
_2ddc _cBK |
||
| 999 |
_c23155 _d23155 |
||